000 00699nam a2200205Ii 4500
003 JO-AjNU
008 230605s9999||||xx |||||||||||||| ||und||
040 _aJO-AjNU
_bara
_erda
_cJO-AjNU
041 _aara
050 1 4 _aDS37.7.Y97 2005
100 3 _aيوسف، نزار,
_eauthor
_919196
245 0 0 _aالزمن العربي الرديء: دراسة وبحث
250 _aط1
264 3 1 _aدمشق: دار الفرقد، 2005
300 _a327ص
336 _atext
_btxt
_2rdacontent
337 _aunmediated
_bn
_2rdamedia
338 _avolume
_bnc
_2rdacarrier
650 4 _aعرب- تاريخ،عالم عربي- احوال سياسية، البلاد الاسلامية- تاريخ
_919197
999 _aA6284
_c9852
_d9852